| 000 | 00720nam a2200181Ia 4500 | ||
|---|---|---|---|
| 008 | 151202s9999||||xx |||||||||||||| ||und|| | ||
| 082 | _bPNVM-39444 | ||
| 100 | _aकुसुमाग्रज (शिरवाडकर वि.वा.). | ||
| 245 | _aप्रवासी पक्षी. | ||
| 260 | _b"पॉप्युलर प्रकाशन ,मुंबई-." | ||
| 260 | _c1991 | ||
| 300 | _a106 | ||
| 600 | _aकुसुमाग्रज (शिरवाडकर वि.वा.). | ||
| 630 | _aप्रवासी पक्षी. | ||
| 700 | _aकुसुमाग्रज (शिरवाडकर वि.वा.). | ||
| 730 | _aप्रवासी पक्षी. | ||
| 942 | _cBOOK | ||
| 999 |
_c1305396 _d1305393 |
||